000 00516nam a2200169 a 4500
005 20210223120952.0
008 991125 1977 mx 000 0 spa u
035 _aUPN01000009870
049 _aCG
050 4 _aF3081
_bL2.31
100 1 _aWitker V., Alejandro
245 1 3 _aEl compañero Toha :
_besbozo biográfico, testimonios, documentos /
_cAlejandro Witker V.
260 _aMéxico :
_bCasa de Chile,
_c1977.
300 _a124 p.
651 4 _aCHILE -
_xHISTORIA -
_yGOLPE DE ESTADO, 1973
_913425
905 _aLibro
999 _c9870
_d9870